Planejament i gestió del sòl no urbanitzable : ponències presentades al seminari celebrat el 26 d'octubre de 1990 al Castell de Montesquiu ponències presentades al seminari celebrat el 26 d'octubre de 1990 al Castell de Montesquiu
ISBN:
84-7794-220-X
Descripción Física:
54 p. ; 30 cm
Colección:
Monografies ; 20
Materias:
Sòl, Ús del -- Congressos
MARC
| LEADER | 00000nam a2200000Ia 4500 | ||
|---|---|---|---|
| 001 | 10218 | ||
| 008 | 160829s1993 xx 000 0 cat d | ||
| 020 | |a 84-7794-220-X | ||
| 080 | |a C-2-169 | ||
| 245 | |a Planejament i gestió del sòl no urbanitzable : |b ponències presentades al seminari celebrat el 26 d'octubre de 1990 al Castell de Montesquiu | ||
| 260 | |a Barcelona : |b Diputació de Barcelona, Servei de Parcs Naturals, |c 1993 | ||
| 300 | |a 54 p. ; |c 30 cm | ||
| 490 | |a Monografies ; 20 | ||
| 650 | |a Sòl, Ús del |x Congressos |9 21956 | ||
| 710 | |a Barcelona (Catalunya : Província). |b Servei de Parcs Naturals |9 53492 | ||
| 901 | |a Arxiu | ||
| 942 | |n 1 | ||
| 952 | |0 0 |1 0 |4 0 |6 C2169 |7 1 |9 41961 |a Arxiu |b Arxiu |d 2016-12-01 |l 0 |o C-2-169 |p 10218 |r 2016-12-01 00:00:00 |w 2016-12-01 |y ARXIU | ||
| 999 | |c 44408 |d 44408 | ||